000 00635cab a2200193 4500
001 ABS42818
008 090401t1990 xxu||||| |||| 00| 0 eng d
035 _a(Sirsi) u38949
041 _aeng
100 _aSheehan, A.
245 _aSelf-built success stories
260 _c1990
350 _a0
490 _aBuilding Today
_v199(5860) 14 June 1990, 19-24(3)
520 _aReviews the self-build housing market which is staying buoyant. Looks at the main three ingredients of land, labour and money and available training schemes. Includes some statistics .
690 _aBUILT ENVIRONMENT
942 _n0
948 _c04/03/1997
999 _c24971
_d24971